MARC

LEADER 00000nam0a2200000 4500
001 60362
005 20231031061322.0
010 |a 5947235668 
035 |a (RuTPU)RU\TPU\book\63830 
090 |a 60362 
100 |a 20040206d2003 m y0rusy50 ca 
101 0 |a rus 
102 |a RU 
105 |a a j 001zy 
200 1 |a Стратегический маркетинг  |e учебник  |f Р. А. Фатхутдинов 
205 |a 3-е изд. 
210 |a СПб.  |c Питер  |d 2003 
215 |a 347 с.  |c ил. 
225 1 |a Учебник для вузов 
225 1 |a Издательская программа "300 лучших учебников для высшей школы в честь 300-летия Санкт-Петербурга" 
320 |a Библиогр.: с. 345-346. 
320 |a Предметный указатель: с. 342-344. 
451 1 |0 (RuTPU)RU\TPU\book\170356  |y 5-94723-165-4  |t Стратегический маркетинг  |o учебник для вузов  |f Р. А. Фатхутдинов  |e 2-е изд., перераб. и доп.  |c СПб.  |n Питер  |d 2002  |p 439 с.  |a Фатхутдинов, Раис Ахметович 
451 1 |0 (RuTPU)RU\TPU\book\101412  |y 5-469-01113-5  |t Стратегический маркетинг  |o учебник для вузов  |f Р. А. Фатхутдинов  |e 4-е изд.  |c СПб.  |n Питер  |d 2006  |p 347 с.  |s Издательская программа "300 лучших учебников для высшей школы в честь 300-летия Санкт-Петербурга"  |a Фатхутдинов, Раис Ахметович 
610 1 |a экономика 
610 1 |a маркетинг 
610 1 |a стратегический маркетинг 
610 1 |a конкурентоспособность 
610 1 |a сегментация 
610 1 |a спрос 
610 1 |a потребности 
610 1 |a прогнозирование 
610 1 |a конкуренция 
610 1 |a конкурентные стратегии 
610 1 |a конкурентный маркетинг 
610 1 |a методы 
610 1 |a оценка 
610 1 |a учебники 
686 |a У9(2)212.4я73  |v LBC/SL-A  |2 rubbk 
700 1 |a Фатхутдинов  |b Р. А.  |g Раис Ахметович 
801 1 |a RU  |b 63413507  |c 20040206  |g PSBO 
801 2 |a RU  |b 63413507  |c 20220520  |g PSBO 
900 |a Стратегический менеджмент 
900 |a Маркетинг 
900 |a Человек и его потребности 
942 |c BK 
952 |a 521600  |b 080100 
959 |a 118/20040908  |d 1  |e 167,86  |f АНЛ:1